The collection / (Record no. 478720)

000 -LEADER
fixed length control field 01096cam a2200301 a 4500
001 - CONTROL NUMBER
control field 12682843
003 - CONTROL NUMBER IDENTIFIER
control field NUST
005 - DATE AND TIME OF LATEST TRANSACTION
control field 20180712040542.0
008 - FIXED-LENGTH DATA ELEMENTS--GENERAL INFORMATION
fixed length control field 010720s2001 enk e 001 0 eng
010 ## - LIBRARY OF CONGRESS CONTROL NUMBER
LC control number 2002392404
020 ## - INTERNATIONAL STANDARD BOOK NUMBER
International Standard Book Number 0099428946
Terms of availability Rs. 580
035 ## - SYSTEM CONTROL NUMBER
System control number (UkLWHE)b000123950
038 ## - RECORD CONTENT LICENSOR
Staff Name Arshad
040 ## - CATALOGING SOURCE
Original cataloging agency DLC
Transcribing agency DLC
Modifying agency DLC
050 00 - LIBRARY OF CONGRESS CALL NUMBER
Classification number PR6051.C64
Item number C57 2001
082 00 - DEWEY DECIMAL CLASSIFICATION NUMBER
Classification number 824.914
Author Mark ACK
100 1# - MAIN ENTRY--PERSONAL NAME
Personal name Ackroyd, Peter,
Dates associated with a name 1949-
9 (RLIN) 11581
245 14 - TITLE STATEMENT
Title The collection /
Statement of responsibility, etc. Peter Ackroyd ; edited and with an introduction by Thomas Wright.
260 ## - PUBLICATION, DISTRIBUTION, ETC.
Place of publication, distribution, etc. London :
Name of publisher, distributor, etc. Chatto & Windus,
Date of publication, distribution, etc. 2001.
300 ## - PHYSICAL DESCRIPTION
Extent xxviii, 448 p. ;
Dimensions 24 cm.
500 ## - GENERAL NOTE
General note Includes index.
700 1# - ADDED ENTRY--PERSONAL NAME
Personal name Wright, Thomas
Fuller form of name (Thomas Edward),
Dates associated with a name 1973-
9 (RLIN) 11582
856 42 - ELECTRONIC LOCATION AND ACCESS
Materials specified Contributor biographical information
Uniform Resource Identifier <a href="http://www.loc.gov/catdir/bios/random054/2002392404.html">http://www.loc.gov/catdir/bios/random054/2002392404.html</a>
856 42 - ELECTRONIC LOCATION AND ACCESS
Materials specified Publisher description
Uniform Resource Identifier <a href="http://www.loc.gov/catdir/description/random0413/2002392404.html">http://www.loc.gov/catdir/description/random0413/2002392404.html</a>
906 ## - LOCAL DATA ELEMENT F, LDF (RLIN)
a 7
b cbc
c origres
d 2
e ncip
f 20
g y-gencatlg
942 ## - ADDED ENTRY ELEMENTS (KOHA)
Source of classification or shelving scheme
Koha item type Book
Holdings
Withdrawn status Lost status Source of classification or shelving scheme Damaged status Not for loan Collection code Permanent Location Current Location Shelving location Date acquired Total Checkouts Full call number Barcode Date last seen Date last checked out Copy number Price effective from Koha item type
            Central Library (CL) Central Library (CL) Fiction 07/12/2018 1 824.914 ACK CL547 03/20/2025 03/20/2025 1 07/12/2018 Book
© 2023 Central Library, National University of Sciences and Technology. All Rights Reserved.